| 000 | 01557cam a22003974i 4500 | ||
|---|---|---|---|
| 003 | PE-LiUPU | ||
| 005 | 20250731173211.0 | ||
| 008 | 150625s r 000 0 d | ||
| 035 | _a(Sirsi) a32228 | ||
| 040 |
_aPE-LiUPU _bspa _cPE-LiUPU _erda |
||
| 082 | 0 | 4 |
_a222.1106 _bM58 _221 |
| 100 | 1 |
_aMillard, A.R., _eautor. |
|
| 245 | 1 | 0 | _aEssays On The Patriarchal Narratives. |
| 264 | 1 |
_aIndiana : _bMillard & D. J. Wiseman, _c1983. |
|
| 300 |
_a237 páginas ; _c23 cm. |
||
| 336 |
_atext _2rdacontent |
||
| 337 |
_aunmediated _2rdamedia |
||
| 338 |
_avolume _2rdacarrier |
||
| 505 | 0 | _aThe patriarchs in Scripture and History. -Method of Studying the patriarchal Narratives as ancient texts. -Archaeological Data and the Dating of the Patriarchs. -Comparative customs and the Dating of the Patriarchs. -abraham Reassessed. -The religion of the Patriarchs. -Diversity and Unity in the literary Structure of Genesis. | |
| 526 | _aSEG42 | ||
| 526 | _aSEG41 | ||
| 526 | _aSEG40 | ||
| 526 | _aSEG39 | ||
| 526 | _aP94 | ||
| 526 | _aP87 | ||
| 526 | _aP86 | ||
| 526 | _aP85 | ||
| 526 | _aP77 | ||
| 526 | _aP76 | ||
| 526 | _aP35 | ||
| 942 |
_2ddc _cBOOK |
||
| 949 |
_a222.1106 M58 _wDEWEY _c1 _i37920 _lCCODEBUL1 _mBUL _p00.00 _r0 _sY _tBOOK _u2015-06-25 _xBIBLIOTECA _zUNKNOWN _0COMPRA _o.STAFF. Colección General |
||
| 596 | _a1 | ||
| 999 |
_a222.1106 M58 _wDEWEY _c39864 _i37920 _f2021-11-9 _g6 _lCCODEBUL1 _mBUL _r0 _sY _tBOOK _u2015-6-25 _xTEOLOGIA _zUNKNOWN _0COMPRA _o.STAFF. Colección General _d39864 |
||
| 980 |
_81 _gALBERTO SANCHEZ Responsable de Automatización |
||